| 000 | 00918nam a22001937a 4500 | ||
|---|---|---|---|
| 999 |
_c21015 _d21015 |
||
| 003 | AR-CdUCM | ||
| 008 | 190724b ||||| |||| 00| 0 spa d | ||
| 040 |
_aMUNICIPALIDAD PROVINCIAL DEL CUSCO _cBIBLIOTECA MUNICIPAL DEL CUSCO |
||
| 082 |
_aC / 050.985 / _bED25 |
||
| 245 |
_aEl educador espinarense : _borgano del magisterio de la provincia de Espinar / |
||
| 260 |
_aCuzco : _bH. G. Rozas, _c1960. |
||
| 300 |
_a20 páginas ; _c29 cm. |
||
| 505 | _aContenido : Escuelas rodantes para la región andina -- Didáctica de la lectura y escritura para las clases de 2do año -- Rincón poético -- La educación de la mujer campesina -- Protección de la infancia -- Importancia de la biografía de Héroes -- Lo que no debe faltar en la escuela -- Valor pedagógico de los deberes escolares ... | ||
| 650 |
_aEducación _9460 |
||
| 650 |
_aYauri _941298 |
||
| 650 |
_aEspinar _91330 |
||
| 942 |
_2ddc _cPP |
||
| 945 | _azta | ||